Physics problems for programmable calculators: wave motion, optics and modern physics

Պահպանված է:
Մատենագիտական մանրամասներ
Հիմնական հեղինակ: Christman, J. Richard (Հեղինակ)
Ձևաչափ: Գիրք
Լեզու:անգլերեն
Հրապարակվել է: Nueva York John Wiley and Sons 1982
Խորագրեր:
Ցուցիչներ: Ավելացրեք ցուցիչ
Չկան պիտակներ, Եղեք առաջինը, ով նշում է այս գրառումը!

MARC

LEADER 00000nam a2200000 a 4500
001 UCH2780
003 CL-VaPUC
008 090624e19820000US |||||||||||||||||eng|d
020 |a 047186062X 
082 0 4 |a 530  |b CHR  |2 21 
100 0 |a Christman, J. Richard  |e author  |9 537829 
245 1 0 |a Physics problems for programmable calculators: wave motion, optics and modern physics 
300 |a 609 p 
942 |c BK 
945 |d 20090624 00:00:00  |a dcastane 
260 |a Nueva York  |b John Wiley and Sons  |c 1982 
650 7 |a FISICA PROBLEMAS  |2 CL-VaPUC  |9 537830 
650 7 |a EJERCICIOS FISICA  |2 CL-VaPUC  |9 537831 
583 |a last modification  |c 20090624 00:00:00  |k Rodrigo Vera 
999 |c 334479  |d 334477 
952 |0 0  |1 0  |4 0  |6 530_000000000000000_CHR_1982  |7 0  |8 A  |9 423533  |a BIBCUR  |b BIBCUR  |d 2019-11-22  |i 4564804  |o 530 CHR 1982  |p 4564804  |r 2025-04-22  |w 2019-11-22  |y BK  |k FIS